Licensing theory and French parasitic gaps

Bibliographic Details
Published in:Studies in natural language and linguistic theory
Main Author: Tellier, C.
Content type: Book
Published: Dordrecht [etc.]: Kluwer Academic 1991
Series:Studies in natural language and linguistic theory ; 26
Source:MPIPL_cat

MARC

LEADER 00000nam a2200000 ub4500
001 PL0005749
003 PLI01000000000000000005665
005 00000000000000.0
008 ||| u
020 |a 0-7923-1311-9 
020 |a 9780792313113 
090 |a 210-Tel/1 
100 1 |a Tellier, C. 
245 0 0 |a Licensing theory and French parasitic gaps  |c C. Tellier 
260 |a Dordrecht [etc.]  |b Kluwer Academic  |c 1991 
300 |a XIV, 213 P. 
490 0 |a Studies in natural language and linguistic theory  |v 26 
830 0 |w PL0000540 
852 |c 210-Tel/1  |m BOOK